A guide to the carnivorous plants

Bibliographic Details
Other Authors: TAN
Format: Book
Subjects:

MARC

LEADER 00000cam a2200000 7i4500
001 0000000187
005 20000718.0
020 0 0 |a 9810086296 
090 0 0 |a 583.75   |b GUI 1997 
245 0 2 |a A guide to the carnivorous plants   |c editor Hugh T.W. Tan 
300 |a 174 p. :   |b col. ill. ;   |c 16 cm. 
650 0 0 |a Carnivorous plants 
700 0 1 |a TAN   |h Hugh T.W. 
999 |a 0000001102   |b Monograph   |c Open Shelf   |e Default branch